000 00392nam a22001697a 4500
999 _c3413
_d3412
005 20210828165853.0
008 160621b xxu||||| |||| 00| 0 eng d
020 _a81-85274-16-9
041 _aeng
082 _b8780
110 _aBramsen, william H
_92413
245 _aMacroeconomic theory and Policy
260 _bUBS
_c1995
300 _a537
650 _aManagement
_9241
942 _cBK